logo

Bir Sreshtho Munshi Abdur Rouf Library
Jhenaidah Cadet College

Galilee divided : (Record no. 6835)

MARC details
000 -LEADER
fixed length control field 00921pam a2200301 a 4500
001 - CONTROL NUMBER
JCCL Control Number 6835
003 - CONTROL NUMBER IDENTIFIER
JCCL marc code BD-JhCC
005 - DATE AND TIME OF LATEST TRANSACTION
control field 20180130193404.0
008 - FIXED-LENGTH DATA ELEMENTS--GENERAL INFORMATION
fixed length control field 850213s1985 coub b 001 0 eng
020 ## - INTERNATIONAL STANDARD BOOK NUMBER
International Standard Book Number 0813301890 (pbk.) :
Terms of availability $13.95
035 ## - SYSTEM CONTROL NUMBER
system control number (BD-JhCC)
040 ## - CATALOGING SOURCE
Original cataloging agency DLC
Transcribing agency DLC
Modifying agency DLC
041 ## - LANGUAGE CODE
Language code of Book eng
050 00 - LIBRARY OF CONGRESS CALL NUMBER
Classification number DS119.8.L4
Item number H64 1985
082 00 - DEWEY DECIMAL CLASSIFICATION NUMBER
Classification number 956.92
DDC Edition number 19
Author mark and Year HOF 1985
100 1# - MAIN ENTRY--PERSONAL NAME
Personal name Hof, Frederic C.
245 10 - TITLE STATEMENT
Title Galilee divided :
Remainder of title the Israel-Lebanon frontier, 1916-1984 /
Statement of responsibility, etc Frederic C. Hof ; foreword by Philip C. Habib.
260 ## - PUBLICATION, DISTRIBUTION, ETC. (IMPRINT)
Place of publication, distribution, etc Boulder :
Name of publisher, distributor, etc Westview Press,
Date of publication, distribution, etc 1985.
300 ## - PHYSICAL DESCRIPTION
Pagination xv, 134 p. :
Other physical details maps ;
Dimensions 23 cm.
440 #0 -
Title Westview special studies on the Middle East
500 ## - GENERAL NOTE
General note Includes index.
504 ## - BIBLIOGRAPHY, ETC. NOTE
Bibliography, etc Bibliography: p. 117-126.
650 ## - SUBJECT ADDED ENTRY--TOPICAL TERM
Topical term or geographic name as entry element Israel , Boundarics
651 #0 - SUBJECT ADDED ENTRY--GEOGRAPHIC NAME
Geographic name Israel
General subdivision Boundaries
Geographic subdivision Lebanon.
651 #0 - SUBJECT ADDED ENTRY--GEOGRAPHIC NAME
Geographic name Lebanon
General subdivision Boundaries
Geographic subdivision Israel.
942 ## - ADDED ENTRY ELEMENTS (KOHA)
Source of classification or shelving scheme Dewey Decimal Classification
Koha item type Books
Holdings
Source of classification or shelving scheme Damaged status Not for loan Home library Current library Shelving location Total Checkouts Full call number Barcode Date last seen Copy number Koha item type
Dewey Decimal Classification     JCC Rouf Library JCC Rouf Library General Stacks   956.92 HOF 1985 9453 01/30/2018 C - 1 Books

JCC Library | Contacts | JCC Home

Last Update on 23 September 2017
Copyright @ 2017-2020 JCC Rouf Library
Rouf Library, Jhenidah Cadet College (JCC), Bangladesh